١٩٤٧ کے منتخب افسانے / (Record no. 107705)
[ view plain ]
| 000 -LEADER | |
|---|---|
| fixed length control field | 00841nam a22002537a 4500 |
| 005 - DATE AND TIME OF LATEST TRANSACTION | |
| control field | 20170123162330.0 |
| 010 ## - LIBRARY OF CONGRESS CONTROL NUMBER | |
| LC control number | 535864 |
| 020 ## - INTERNATIONAL STANDARD BOOK NUMBER | |
| Terms of availability | 00.00 |
| 035 ## - SYSTEM CONTROL NUMBER | |
| System control number | 535864 |
| 037 ## - SOURCE OF ACQUISITION | |
| Source of stock number/acquisition | Cen Lib/Ret |
| 040 ## - CATALOGING SOURCE | |
| Original cataloging agency | DPL |
| Language of cataloging | UR |
| 082 ## - DEWEY DECIMAL CLASSIFICATION NUMBER | |
| Classification number | ک |
| Item number | ش ه ب |
| 245 ## - TITLE STATEMENT | |
| Title | ١٩٤٧ کے منتخب افسانے / |
| Statement of responsibility, etc | مرتبین شہباز حسن ]اور[ بریح الزمان |
| 246 ## - VARYING FORM OF TITLE | |
| Title proper/short title | 1947 ke muntakhab afsane / |
| Remainder of title | compiled by Shahbaz Husain [and] Bareeh Alzaman |
| 260 ## - PUBLICATION, DISTRIBUTION, ETC. (IMPRINT) | |
| Name of publisher, distributor, etc | نازش بک ڈیپو |
| Date of publication, distribution, etc | 1868 |
| 300 ## - PHYSICAL DESCRIPTION | |
| Extent | 176p. |
| Dimensions | 18cm(Hb) |
| 650 ## - SUBJECT ADDED ENTRY--TOPICAL TERM | |
| Topical term or geographic name as entry element | ادب -- اردو |
| 9 (RLIN) | 120886 |
| 650 ## - SUBJECT ADDED ENTRY--TOPICAL TERM | |
| Topical term or geographic name as entry element | اردو افسانے |
| 9 (RLIN) | 120887 |
| 650 ## - SUBJECT ADDED ENTRY--TOPICAL TERM | |
| Topical term or geographic name as entry element | Literature -- Urdu |
| 9 (RLIN) | 120888 |
| 650 ## - SUBJECT ADDED ENTRY--TOPICAL TERM | |
| Topical term or geographic name as entry element | Urdu stories |
| 9 (RLIN) | 120889 |
| 700 ## - ADDED ENTRY--PERSONAL NAME | |
| Personal name | شہباز حسن |
| 9 (RLIN) | 120890 |
| 700 ## - ADDED ENTRY--PERSONAL NAME | |
| Personal name | بریح الزمان |
| 9 (RLIN) | 120891 |
| 942 ## - ADDED ENTRY ELEMENTS (KOHA) | |
| Source of classification or shelving scheme | Dewey Decimal Classification |
| Koha item type | Urdu Bks |
| Classification part | ک |
| Call number suffix | ش ه ب |
| Withdrawn status | Lost status | Damaged status | Not for loan | Home library | Current library | Date acquired | Source of acquisition | Cost, normal purchase price | Total Checkouts | Full call number | Barcode | Date last seen | Copy number | Cost, replacement price | Price effective from | Koha item type |
|---|---|---|---|---|---|---|---|---|---|---|---|---|---|---|---|---|
| Central Library | Central Library | 09/01/2016 | Cen Lib/Ret | 0.00 | ک ش ه ب | 535864 | 09/01/2016 | 1 | 0.00 | 09/01/2016 | Urdu Bks |
